Southville International School and Colleges
Your cart is empty.
  • Cart
  • Lists
    Public lists Eva Luna New books Lux_list list_1
    Your lists Log in to create your own lists
  • Log in to your account
  • Your cookies
  • Search history
Southville International School and Colleges
  • Advanced search
  • Recent comments
  • Most popular
  • Libraries

Log in to your account

Log in with GOOGLE


If you do not have an external account, but do have a local account, you can still log in:

  1. Home
  2. MARC view: 12 easy steps to successful research papers /
Normal view MARC view ISBD view

12 easy steps to successful research papers / (Record no. 9051)

[ view plain ]
MARC details
000 -LEADER
fixed length control field 00989pam a2200289 a 4500
001 - CONTROL NUMBER
control field 688372
003 - CONTROL NUMBER IDENTIFIER
control field SISC
005 - DATE AND TIME OF LATEST TRANSACTION
control field 20160401142324.0
008 - FIXED-LENGTH DATA ELEMENTS--GENERAL INFORMATION
fixed length control field 960104s1997 ilu f 001 0 eng
010 ## - LIBRARY OF CONGRESS CONTROL NUMBER
LC control number 96000858
020 ## - INTERNATIONAL STANDARD BOOK NUMBER
International Standard Book Number 0844258911 (softbound)
040 ## - CATALOGING SOURCE
Original cataloging agency DLC
Transcribing agency DLC
Modifying agency DLC
050 00 - LIBRARY OF CONGRESS CALL NUMBER
Classification number LB 1047.3
Item number .M47 1997
082 00 - DEWEY DECIMAL CLASSIFICATION NUMBER
Classification number HS 371.028
Item number M54 1997
100 1# - MAIN ENTRY--PERSONAL NAME
Personal name Meriwether, Nell.
9 (RLIN) 12278
245 10 - TITLE STATEMENT
Title 12 easy steps to successful research papers /
Statement of responsibility, etc Nell W. Meriwether.
246 3# - VARYING FORM OF TITLE
Title proper/short title Twelve easy steps to successful research papers
260 ## - PUBLICATION, DISTRIBUTION, ETC. (IMPRINT)
Place of publication, distribution, etc Lincolnwood, Ill. :
Name of publisher, distributor, etc NTC Pub. Group,
Date of publication, distribution, etc c1997.
300 ## - PHYSICAL DESCRIPTION
Extent 170 p. :
Dimensions 28 cm.
500 ## - GENERAL NOTE
General note Includes index.
650 #0 - SUBJECT ADDED ENTRY--TOPICAL TERM
Topical term or geographic name as entry element Report writing
General subdivision Handbooks, manuals, etc.
9 (RLIN) 12279
650 #0 - SUBJECT ADDED ENTRY--TOPICAL TERM
Topical term or geographic name as entry element Research
General subdivision Handbooks, manuals, etc.
9 (RLIN) 12280
906 ## - LOCAL DATA ELEMENT F, LDF (RLIN)
a 7
b cbc
c orignew
d 1
e ocip
f 19
g y-gencatlg
942 ## - ADDED ENTRY ELEMENTS (KOHA)
Source of classification or shelving scheme Library of Congress Classification
Koha item type Books
Holdings
Withdrawn status Lost status Source of classification or shelving scheme Damaged status Home library Current library Shelving location Date acquired Total Checkouts Full call number Barcode Date last seen Copy number Price effective from Koha item type
    Library of Congress Classification   Luxembourg Library Luxembourg Library High School Section 08/22/2013   LB 1047.3 .M47 1997 8318 04/01/2016 1 08/22/2013 Books

12 easy steps to successful research papers /

APA

Meriwether N., . (1997). 12 easy steps to successful research papers. Lincolnwood, Ill: NTC Pub. Group.

Chicago

Meriwether Nell, . 1997. 12 easy steps to successful research papers. Lincolnwood, Ill: NTC Pub. Group.

Harvard

Meriwether N., . (1997). 12 easy steps to successful research papers. Lincolnwood, Ill: NTC Pub. Group.

MLA

Meriwether Nell, . 12 easy steps to successful research papers. Lincolnwood, Ill: NTC Pub. Group. 1997.

  • Place hold
  • Print
  • Cite
  • Add to your cart (remove)
  • Save record
    BIBTEX Dublin Core MARCXML MARC (non-Unicode/MARC-8) MARC (Unicode/UTF-8) MARC (Unicode/UTF-8, Standard) MODS (XML) RIS
  • More searches
    Search for this title in:
    Other Libraries (WorldCat) Other Databases (Google Scholar) Online Stores (Bookfinder.com) Open Library (openlibrary.org)

Exporting to Dublin Core...

SOUTHVILLE LIBRARY

Southville International School and Colleges Library

1281 Tropical Ave. Cor. Luxembourg St., BF Homes International, Las Pinas City

Tel. No. 8256374 / 252358 Loc. 117/146

Powered by Koha